Album rap fr par année - Statistiques

Statistiques générales
  • Ce quiz a été pris 179 fois
  • Le résultat moyen est 9 sur 24
Statistiques - réponses
Album Date Artiste % Correct
Or noir 2013 Kaaris
92%
Destin 2019 Ninho
89%
La fouine vs Laouni 2011 La Fouine
87%
Batterie faible 2016 Damso
83%
Xeu 2018 Vald
79%
Ouest side 2006 Booba
75%
Sincèrement 2023 Hamza
68%
L’apogée 2012 Sexion d’assaut
62%
Persona Non Grata 2021 Lacrim
50%
Enfant2larue vol.1 2020 Sasso
34%
Comment c’est loin 2015 Casseurs Flowters
25%
La cerise sur le ghetto 2003 Mafia k1fry
22%
La cuenta 2010 Rohff
21%
Art de Rue 2001 Fonky Family
19%
Mode de vie -Béton style 2000 Le Rat Luciano
13%
Prolongations 2008 Salif
12%
Barillet plein 2005 Seth Gueko
9%
En attendant l’album 2004 Sinik
9%
Block Party 2002 Psy4 de la rime
8%
ADN 2017 Panama Bende
6%
Ni saint ni sauf 2014 Inch
3%
Ghettographie 2 2009 Kamelancien
3%
Rookie 2022 Lamatrix
3%
À quoi ça rime 2007 TSR Crew
3%
Aucun quiz correspondant
Distribution des résultats
% des personnes avec chaque résultat
Percentile par nombre de réponses
Votre historique - résultats
Vous n’avez pas pris ce quiz